[Event "Challenge"]
[Site "http://www.queenalice.com/game.php?id=1319792"]
[Date "2014.11.1"]
[Round "-"]
[White "mariuszgosi"]
[Black "Aldino"]
[Result "1-0"]
[WhiteElo "1100"]
[BlackElo "2169"]

1. e4 e5 2. Nf3 d6 3. d4 exd4 4. Nxd4 c5 5. Nf3 Nc6 6. Bc4 h6 7. O-O Nf6 8. Re1
Bg4 9. Nc3 Bxf3 10. Qxf3 Ne5 11. Qe2 a6 12. a4 Be7 13. Bb3 O-O 14. h3 Qd7 15. f4
Ng6 16. Nd5 Bd8 17. Nxf6+ Bxf6 18. Qh5 Kh7 19. c3 Rae8 20. Bc2 Kg8 21. a5 Qd8
22. Bb3 Kh7 23. Bc2 Re7 24. Be3 Rfe8 25. Rad1 Qc7 26. g4 Bh4 27. Re2 Bg3 28. Rf1
Qxa5 29. Rg2 Bxf4 30. Bxf4 Rxe4 31. Bxe4 Rxe4 32. Bxd6 Qa4 33. Bxc5 Re5 34. Rf5
Rxf5 35. Qxf5 Qe8 36. Rf2 Kg8 37. Qd5 b5 38. Kf1 Nf8 39. Bxf8 Kxf8 40. Re2 Qc8
41. Rd2 Ke8 42. Re2+ Kf8 43. b4 Qb8 44. Qc5+ Kg8 45. Qe5 Qxe5 46. Rxe5 1-0

[Event "Challenge"]
[Site "http://www.queenalice.com/game.php?id=1326405"]
[Date "2014.12.6"]
[Round "-"]
[White "Tertulia"]
[Black "Aldino"]
[Result "1-0"]
[WhiteElo "1295"]
[BlackElo "2169"]

1. e4 e5 2. d4 exd4 3. Nf3 c5 4. Bc4 f6 5. c3 Bd6 6. Qb3 Qe7 7. O-O Nc6 8. Bxg8
Na5 9. Qd5 Kf8 10. e5 Bxe5 11. Re1 Rxg8 12. Nxe5 fxe5 13. Rxe5 Qe6 14. Rxe6 dxe6
15. Qd6+ Ke8 16. Bg5 Nc6 17. Na3 Bd7 18. Nc4 Rd8 19. Ne5 Bc8 20. Bxd8 1-0

[Event "Challenge"]
[Site "http://www.queenalice.com/game.php?id=1364080"]
[Date "2015.6.7"]
[Round "-"]
[White "EdBrazil"]
[Black "Aldino"]
[Result "0-1"]
[WhiteElo "1242"]
[BlackElo "2172"]

1. d4 d5 2. Bf4 e6 3. e3 Bd6 4. Nh3 Bxf4 5. Nxf4 Nf6 6. Nh5 g6 7. Nf4 Qd6 8. Bd3
Qb4+ 9. Nc3 Qxb2 10. Nb5 Qb4+ 11. Qd2 Qe7 12. Qc3 c6 13. Qc5 a6 14. Qxe7+ Kxe7
15. Nc3 b5 16. a4 b4 17. Na2 a5 18. O-O Ba6 19. Bxa6 Rxa6 20. f3 Nbd7 21. Nd3
Rb8 22. Rab1 Rab6 23. Nac1 Ne8 24. Nb3 Ra8 25. Kf2 Nd6 26. Ndc5 Nc4 27. g4 Rbb8
28. h4 Nxc5 29. dxc5 Rh8 30. g5 Rac8 31. f4 f5 32. h5 Kd7 33. Rfd1 e5 34. fxe5
Ke6 35. Nxa5 Nxa5 36. Rxb4 Nc4 37. Ra1 Kxe5 38. a5 Nd2 39. Rb7 Ne4+ 40. Ke1 Nxg5
41. Re7+ Ne6 42. a6 Kf6 43. Rd7 Nxc5 44. Rd6+ Ke7 45. Rxg6 hxg6 46. a7 Ra8 47.
Ra5 Nd7 48. hxg6 Rhg8 49. c4 Rxg6 50. cxd5 c5 51. Kf2 Rd6 0-1

[Event "Challenge"]
[Site "http://www.queenalice.com/game.php?id=1364390"]
[Date "2015.6.9"]
[Round "-"]
[White "Aldino"]
[Black "sophiedurga"]
[Result "0-1"]
[WhiteElo "2173"]
[BlackElo "1767"]

1. e4 e6 2. d3 c5 3. Nf3 Nc6 4. Nc3 Nd4 5. Nxd4 cxd4 6. Ne2 e5 7. c3 Bc5 8. b4
Bb6 9. Bb2 Qf6 10. Qd2 Ne7 11. Ng3 g6 12. f3 Qc6 13. Be2 d6 14. cxd4 exd4 15.
Rc1 Qb5 16. a3 Nc6 17. O-O Be6 18. Bd1 Kd7 19. Ne2 h5 20. Nf4 h4 21. h3 Qg5 22.
Qf2 Qxf4 0-1

[Event "Challenge"]
[Site "http://www.queenalice.com/game.php?id=1365989"]
[Date "2015.6.17"]
[Round "-"]
[White "ademirduplex"]
[Black "Aldino"]
[Result "1/2-1/2"]
[WhiteElo "1571"]
[BlackElo "2173"]

1. e4 e5 2. Qh5 Bd6 3. Bc4 Qe7 4. d3 g6 5. Qf3 Nc6 6. Be3 a6 7. Nh3 h6 8. a4 Na5
9. O-O Nxc4 10. dxc4 b6 11. Nc3 Bb7 12. a5 Bb4 13. axb6 Bxc3 14. bxc3 cxb6 15.
Bxb6 Qe6 16. Qd3 Qxb6 17. Rfd1 Nf6 18. Qg3 Qe6 19. f3 d6 20. Rab1 Rb8 21. Rb6
Rd8 22. Rxb7 Qxc4 23. Rdb1 O-O 24. Qh4 Kg7 25. Qe1 Ra8 26. Qe3 Rfd8 27. Nf2 Rac8
28. Qa7 Ra8 29. Rc7 Rxa7 30. Rxc4 Raa8 31. Ra1 Ne8 32. Nd3 Rd7 33. Nb4 Rc7 34.
Rxc7 Nxc7 35. Rd1 a5 36. Nc6 Nb5 37. c4 Na3 38. Rxd6 Nxc4 39. Rd7 a4 40. Nb4 a3
41. Na2 Kf6 42. Rc7 Ne3 43. c4 Ra4 44. c5 Rd4 45. Rc6+ Kg7 46. Kf2 Nc4 47. Kg3
Rd2 48. Nc1 Rc2 49. Nb3 Nd2 50. Nxd2 Rxd2 51. Ra6 Rd3 52. c6 Rc3 53. h4 h5 54.
c7 Rxc7 55. Rxa3 1/2-1/2

[Event "Challenge"]
[Site "http://www.queenalice.com/game.php?id=1366944"]
[Date "2015.6.22"]
[Round "-"]
[White "Aldino"]
[Black "modesto54"]
[Result "1/2-1/2"]
[WhiteElo "2175"]
[BlackElo "1330"]

1. e4 c5 2. d3 Nc6 3. Nf3 d5 4. Be2 d4 5. c3 e5 6. Nbd2 Bd6 7. cxd4 cxd4 8. Nc4
Bb4+ 9. Bd2 Bxd2+ 10. Ncxd2 Nge7 11. Qa4 Ng6 12. Nc4 a6 13. Qb3 O-O 14. O-O b5
15. Ncd2 Kh8 16. Rfc1 Be6 17. Qd1 Rc8 18. Nb3 Bxb3 19. Qxb3 Qe7 20. g3 Rc7 21.
Qd1 Rfc8 22. Ne1 Nd8 23. Bg4 Ne6 24. Rxc7 Rxc7 25. Rc1 Ngf8 26. Nf3 f6 27. Nh4
Rxc1 28. Qxc1 Qc7 29. Qxc7 Nxc7 30. Nf3 Kg8 31. Nd2 Kf7 32. Nb3 Nfe6 33. Kf1 Ke7
34. Ke1 Kd6 35. Kd2 Nc5 36. Nxc5 Kxc5 37. a3 a5 38. b3 b4 39. a4 Kd6 1/2-1/2

[Event "Challenge"]
[Site "http://www.queenalice.com/game.php?id=1367075"]
[Date "2015.6.23"]
[Round "-"]
[White "luisgalvao"]
[Black "Aldino"]
[Result "0-1"]
[WhiteElo "975"]
[BlackElo "2173"]

1. e4 e5 2. Nc3 Nf6 3. Nf3 d6 4. Bc4 h6 5. h3 c6 6. Nh4 Be7 7. d3 d5 8. exd5
cxd5 9. Bb3 Be6 10. Be3 d4 11. Bxe6 fxe6 12. Ng6 Rh7 13. Bxd4 exd4 14. Nb5 Qa5+
15. Nc3 dxc3 16. O-O cxb2 17. Rb1 Ba3 18. Re1 Qb6 19. Re2 Nbd7 20. Qe1 Kf7 21.
Nf4 Re8 22. Qc3 Qa6 23. d4 g5 24. Nd3 Rhh8 25. Re3 Rc8 26. Qb3 Rhe8 27. Rf3 Kg7
28. Re3 Nd5 29. Rf3 Rc3 0-1

[Event "Challenge"]
[Site "http://www.queenalice.com/game.php?id=1369331"]
[Date "2015.7.3"]
[Round "-"]
[White "mazonny13"]
[Black "Aldino"]
[Result "0-1"]
[WhiteElo "1100"]
[BlackElo "2174"]

1. d4 d5 2. e3 Nf6 3. Bd3 e6 4. Nf3 Be7 5. O-O Nc6 6. Nc3 O-O 7. Bd2 Nb4 8. a3
Nxd3 9. cxd3 b6 10. Qe2 Bd6 11. e4 dxe4 12. dxe4 Be7 13. e5 Nd5 14. Qe4 Rb8 15.
Rac1 Bb7 16. h4 Nxc3 17. Qd3 Nd5 18. Bg5 Bxg5 19. Nxg5 g6 20. Nf3 Nf4 21. Qd2
Nh5 22. Qh6 Bxf3 23. gxf3 Rc8 24. f4 Qxh4 25. Rc3 Qg4+ 26. Kh2 Qxf4+ 27. Kh3
Qxh6 28. Rg3 Nxg3+ 0-1

[Event "Challenge"]
[Site "http://www.queenalice.com/game.php?id=1370557"]
[Date "2015.7.8"]
[Round "-"]
[White "hankito222"]
[Black "Aldino"]
[Result "0-1"]
[WhiteElo "1348"]
[BlackElo "2176"]

1. e4 e5 2. Nf3 d6 3. d4 exd4 4. Nxd4 Nf6 5. Qf3 c6 6. Qg3 Qa5+ 7. c3 Nxe4 8.
Qf3 Nf6 9. Bd2 Qc7 10. Be2 Be7 11. h3 Nbd7 12. Qg3 g6 13. O-O Ne4 14. Qf3 Ndf6
15. Qf4 g5 16. Qf3 Bd7 17. Bxg5 Nxg5 18. Qe3 Nd5 19. Qd2 O-O-O 20. Qd3 Nf4 21.
Qe3 Nxe2+ 22. Nxe2 Rde8 23. Qxa7 Rhg8 24. Kh2 d5+ 25. f4 Bd6 26. g3 Rxe2+ 27.
Kh1 Nxh3 28. Na3 Rxg3 29. Qd4 Qd8 30. c4 Be6 31. Rae1 Rxe1 32. Rxe1 Nxf4 33. Qf2
Rh3+ 34. Kg1 Qg5+ 35. Kf1 Rh1+ 36. Qg1 Qxg1# 0-1

[Event "Challenge"]
[Site "http://www.queenalice.com/game.php?id=1371618"]
[Date "2015.7.14"]
[Round "-"]
[White "Aldino"]
[Black "hankito222"]
[Result "1-0"]
[WhiteElo "2177"]
[BlackElo "1400"]

1. e4 e5 2. Nc3 d6 3. Nf3 Bg4 4. Be2 Qf6 5. Nd5 Qd8 6. h3 Bh5 7. c3 c6 8. Nb4
Nf6 9. d3 a5 10. Nc2 d5 11. Nxe5 dxe4 12. Bxh5 Bd6 13. Nxf7 Kd7 14. Nxh8 Qxh8
15. Bg4+ Kc7 16. Bf5 exd3 17. Bxd3 Qe8+ 18. Qe2 Nbd7 19. O-O Ne5 20. Re1 Nxd3
21. Qxd3 Qg6 22. Qxg6 hxg6 23. Nd4 Kd7 24. Bd2 b6 25. Ne6 Bc5 26. Nxc5+ bxc5 27.
Rad1 Kc7 28. Re7+ Kb6 29. Rxg7 Rf8 30. Rxg6 Ne4 31. Be3 Kb5 32. Re6 Ng5 33. Re5
Nf7 34. Rxc5+ Ka4 35. Rd4# 1-0

[Event "Challenge"]
[Site "http://www.queenalice.com/game.php?id=1373182"]
[Date "2015.7.24"]
[Round "-"]
[White "King_Alice"]
[Black "Aldino"]
[Result "0-1"]
[WhiteElo "1082"]
[BlackElo "2179"]

1. d4 d5 2. c4 b6 3. Nc3 e6 4. Nf3 Nc6 5. g3 Nf6 6. Bg2 Bb7 7. cxd5 Nxd5 8. Nxd5
Qxd5 9. e3 Qa5+ 10. Bd2 Bb4 11. O-O Bxd2 12. Nxd2 Rb8 13. Bxc6+ Bxc6 14. Nc4 Qd5
0-1

[Event "Challenge"]
[Site "http://www.queenalice.com/game.php?id=1414446"]
[Date "2016.3.22"]
[Round "-"]
[White "fornery"]
[Black "Aldino"]
[Result "0-1"]
[WhiteElo "1496"]
[BlackElo "2181"]

1. e4 e5 2. Nf3 d6 3. d4 c6 4. dxe5 Be7 5. exd6 Bxd6 6. b3 Qf6 7. c3 Qe6 8. Ng5
Qe5 9. Qd2 h6 10. f4 Qe7 11. Bc4 hxg5 12. Qd4 Nf6 13. fxg5 Be5 14. gxf6 Qxf6 15.
Qd3 b5 16. Rf1 bxc4 17. Qxc4 Be6 18. Rxf6 Bxc4 19. Rf5 Bxh2 20. bxc4 Rh4 21. Nd2
Nd7 22. Kf2 Be5 23. g3 Rg4 24. Rxe5+ Nxe5 25. Nf3 Rxe4 26. g4 Nxf3 27. Kxf3 Rxc4
28. Bb2 Rd8 29. a4 Rd3+ 30. Ke2 Rg3 31. Kd2 Rgxg4 32. a5 Ra4 33. Ba3 Rge4 34.
Kd3 a6 35. c4 Raxc4 36. Rg1 g6 37. Rb1 Rcd4+ 38. Kc3 Rd5 39. Rh1 Rxa5 40. Rh8+
Kd7 41. Bb4 Rb5 42. Ba3 Re3+ 43. Kd4 Rxa3 44. Ke4 Ra4+ 45. Kd3 c5 46. Rf8 Ke6
47. Rc8 f5 48. Rc6+ Kf7 49. Kc3 a5 50. Rd6 Rd4 51. Rxd4 cxd4+ 52. Kxd4 a4 53.
Kc4 Rb8 54. Kd4 a3 55. Ke5 Rd8 56. Kf4 a2 57. Ke5 a1=Q+ 58. Kf4 Qc1+ 59. Kf3
Rd3+ 60. Ke2 Qc2+ 61. Ke1 Rd1# 0-1

[Event "Challenge"]
[Site "http://www.queenalice.com/game.php?id=1418214"]
[Date "2016.4.14"]
[Round "-"]
[White "ravenga"]
[Black "Aldino"]
[Result "1-0"]
[WhiteElo "1500"]
[BlackElo "2182"]

1. e4 e5 2. f4 exf4 3. Nf3 Nf6 4. e5 Nd5 5. Bc4 c6 6. Bxd5 cxd5 7. d4 d6 8. Bxf4
dxe5 9. Bxe5 f6 10. Bg3 Bd6 11. Bxd6 Qxd6 12. O-O O-O 13. Nbd2 Re8 14. c3 Nc6
15. Qc2 Ne7 16. Rae1 Bf5 17. Qb3 b6 18. Re3 Nc6 19. Rfe1 Rxe3 20. Rxe3 Be6 21.
Qb5 Bd7 22. Qe2 Kf8 23. h3 Re8 24. Rxe8+ Bxe8 25. Kf2 Ne7 26. Ne1 Nf5 27. Qf3
Bg6 28. g3 Qd7 29. Nd3 Nh6 30. Nf4 Bf7 31. g4 a5 32. Nf1 g5 33. Nd3 Kg7 34. Ne3
Be6 35. Qg3 Qd8 36. Ke2 Bf7 37. Qf3 Qd7 38. Kd2 Qb5 39. b3 Bg6 40. Nxd5 Ng8 41.
c4 Qc6 42. Qg3 b5 43. Qc7+ Qxc7 44. Nxc7 bxc4 45. bxc4 Ne7 46. d5 Be4 47. Nf2
Nc8 48. Nxe4 1-0